000 00578nam a22001937a 4500
003 KOHA_MİRAKIL
005 20260324124224.0
008 260324b tu ||||| |||| 00| 0 tur d
020 _a9789757298960
040 _aTR-AnABB
_btur
_cTR-AnABB
041 _atur
082 _a324.42
_bGON 2022
100 1 _aGönül, Ayşe Füsun
245 1 0 _aDijital siyasi partiler ve e-demokrasi /
_cAyşe Füsun Gönül
260 _aAnkara :
_bBilim Ve Sanat Yayınları,
_c2022
300 _a197 sayfa ;
_c20 cm
650 0 4 _aSiyasi partiler, demokrasi
942 _2ddc
_cBK
999 _c10018
_d10018
900 _bCan ÇELIK